| 000 | 00722cam a22002415a 4500 | ||
|---|---|---|---|
| 001 | L159695 | ||
| 008 | 150226s2016 xxk f 000 0 eng d | ||
| 035 | _a(Sirsi) u159695 | ||
| 041 | 0 | _aeng | |
| 100 | 1 | _aSwope, Christopher | |
| 245 | 0 | 0 | _aSense and the city |
| 260 | _c2016 | ||
| 490 |
_aModus _vOctober 2016, 14-18 (5) |
||
| 520 | _aThree experts comment on what qualities are requred in a leader of great vision for the urban centres to keep up with the rapid pace of their growth. | ||
| 590 | _aKA | ||
| 650 | 2 | 4 | _aURBANISATION |
| 650 | 2 | 4 | _aLEADERSHIP |
| 650 | 2 | 4 | _aCITY DEVELOPMENT |
| 650 | 2 | 4 | _aHOUSING PROVISION |
| 650 | 2 | 4 | _aURBAN PLANNING |
| 690 |
_aPlanning and development _96259 |
||
| 942 | _n0 | ||
| 999 |
_c84920 _d84920 |
||